Historia del Pacífico
Bewaard in:
| Hoofdauteur: | |
|---|---|
| Formaat: | Boek |
| Taal: | Spaans |
| Gepubliceerd in: |
Santiago.
Ercilla.
1960.
|
| Editie: | 2ª edición |
| Onderwerpen: | |
| Tags: |
Voeg label toe
Geen labels, Wees de eerste die dit record labelt!
|
MARC
| LEADER | 00000nam a22000005a 4500 | ||
|---|---|---|---|
| 001 | 2852 | ||
| 003 | CL-ChBUA | ||
| 005 | 20150201132729.0 | ||
| 008 | 070301s1956 cl 000 0 spa | ||
| 040 | |a CL-ChBUA |c CL-ChBUA | ||
| 082 | 0 | 0 | |a 990 |
| 090 | |b | ||
| 100 | 1 | |a Van Loon, Hemdrik William. | |
| 245 | 1 | 0 | |a Historia del Pacífico |
| 250 | |a 2ª edición | ||
| 260 | |b Ercilla. |a Santiago. |c 1960. | ||
| 300 | |a 328 p.: il. |b 328 p.: il. |c 22 cm. | ||
| 504 | |a Indice. | ||
| 650 | 4 | |a OCEANO PACIFICO - HISTORIA. | |
| 942 | |c LIB |2 ddc | ||
| 952 | |0 0 |1 0 |2 ddc |4 0 |6 990_V_217000000000000 |7 0 |9 4245 |a UNACH |b UNACH |c 900 |d 2007-03-05 |i 6.397. |l 0 |o 990 / V 217. |p 5244 |r 2017-04-17 00:00:00 |t 1 |w 2012-08-08 |y LIB | ||
| 952 | |0 0 |1 0 |2 ddc |4 0 |6 990_V_217000000000000 |7 0 |9 1143943 |a UNACH |b UNACH |c 900 |d 2015-02-01 |i 54.816 |l 0 |o 990 / V 217 |p 81834 |r 2015-02-01 00:00:00 |t 2 |w 2015-02-01 |y LIB | ||
| 999 | |c 2852 |d 2852 | ||